[Event "30 min / Partie"]
[Site "?"]
[Date "2025.12.04"]
[Round "1"]
[White "King Element 300 mhz, Millenium"]
[Black "Phoenix London 1400 Mhz, Mephisto"]
[Result "1/2-1/2"]
[Annotator "mpill"]
[WhiteElo "2599"]
[BlackElo "2500"]
[WhiteFideId "-1"]
[BlackFideId "-1"]
[PlyCount "146"]

{[%evp 6,121,15,-37,26,25,23,28,22,21,24,20,20,-1,0,-4,13,12,13,3,11,-2,12,11,6,0,-1,-41,0,-8,-4,-18,0,0,0,-12,54,-100,9,9,12,-2,0,-3,138,140,306,14,10,16,17,7,15,11,17,21,79,20,22,0,0,-4,-8,-20,14,-8,0,0,0,0,0,0,0,0,0,0,0,0,0,0,0,0,0,0,0,0,0,0,0,0,0,0,0,0,0,0,0,0,0,0,0,0,0,0,0,0,0,0,0,0,0,0,0,0,0,0,0,0]} 1. Nf3 Nf6 2. c4 e6 3. g3 d5 4. b3 {Stockfish dev-20240917-60351b9d:} Bc5 5. d4 Bb4+ 6. Bd2 Be7 {OK} 7. Nc3 dxc4 {OK} 8. bxc4 c5 {OK} 9. e3 Nc6 10. Ne2 Ne4 11. Bg2 {OK} Nxd2 {OK} 12. Qxd2 cxd4 {OK} 13. Nfxd4 Ne5 14. O-O {OK} O-O {OK} 15. Qc3 Qc7 {OK} 16. f4 {Ungenau} Ng6 {Ungenau} 17. Nb5 Qc5 {OK} 18. Rad1 Bf6 19. Qb3 Rd8 {OK} 20. h4 e5 {Ungenau} 21. h5 $2 {Fehler (1.5)} (21. f5 $14) 21... Nf8 {Fehler (1.1)} (21... Bg4 $1 $17) 22. Rxd8 $11 {OK} Bxd8 23. fxe5 Qxe5 24. Nbd4 {OK} Qxh5 {[#] Fehler (1.4)} (24... Bg5 $11) 25. c5 $1 $16 {Stark} a5 $2 {[#] Verlustzug (1.7)} (25... Bg5 $16) 26. Bd5 $2 {Gewinn verpasst (2.9)} (26. Rxf7 $1 $18) 26... Bf6 $11 {Bester (Leicht)} 27. Nf4 {OK} Qe5 {OK} 28. Bxf7+ Kh8 29. Bd5 {OK} a4 {OK} 30. Qd3 Ra5 {Ungenau} 31. Rc1 {Ungenau} Bg4 {Bester} 32. Qd2 Be7 {OK} 33. Rb1 Rxc5 {OK} 34. Bg2 Bc8 {Ungenau} 35. Bxb7 Bxb7 36. Rxb7 Qe4 {OK} 37. Ra7 {OK} Bf6 {OK} 38. Rxa4 Bxd4 {OK} 39. Qxd4 Qb1+ 40. Kg2 {OK} Rc2+ {OK} 41. Kh3 {OK} Rxa2 42. Rxa2 Qxa2 43. e4 Ne6 44. Nxe6 Qxe6+ 45. Kg2 {OK} h5 {OK} 46. e5 Kg8 {Dead Draw. OK} 47. Qf4 Qa2+ 48. Kf3 Qb3+ {OK} 49. Ke2 Qb2+ 50. Ke1 Qc3+ 51. Kf2 Qb2+ {OK} 52. Ke3 Qc3+ 53. Ke4 Qc2+ {OK} 54. Kd5 Qa2+ 55. Kd6 Qa6+ {OK} 56. Ke7 Qb7+ 57. Ke6 Qc8+ {OK} 58. Kd5 Qa8+ 59. Kd4 Qa4+ {OK} 60. Ke3 {OK} Qb3+ {OK} 61. Kd2 {OK} Qb2+ 62. Kd3 Qb3+ 63. Ke4 Qc2+ 64. Kd4 Qa4+ 65. Kd5 Qxf4 66. gxf4 Kf7 67. e6+ Ke7 68. f5 h4 69. Ke4 g5 70. fxg6 Kxe6 71. Kf4 h3 72. Kg3 Kf6 73. g7 Kxg7 {Verlustzug:     	---       	Schwarz=1     Gewinn verpasst:   	Weiß=1     	---        Fehler:       	Weiß=1     	Schwarz=2     Ungenau:       	Weiß=2     	Schwarz=4     OK:         	Weiß=12    	Schwarz=26    Bester:       	---       	Schwarz=2     Stark:        	Weiß=1     	---       .  Gewichteter Fehlerwert: Weiß=0.18/Schwarz=0.25 Zentibauernverlust: w=18/b=18} 1/2-1/2

[Event "30 min / Partie"]
[Site "?"]
[Date "2025.12.05"]
[Round "2"]
[White "Phoenix London 1400 Mhz, Mephisto"]
[Black "King Element 300 mhz, Millenium"]
[Result "0-1"]
[Annotator "mpill"]
[WhiteElo "2500"]
[BlackElo "2599"]
[WhiteFideId "-1"]
[BlackFideId "-1"]
[PlyCount "188"]
[GameId "2251782207590437"]

{[%evp 21,187,11,15,-1,-1,-9,1,-6,25,-3,34,18,38,25,253,-110,-91,-177,-200,-237,-218,-255,-234,-547,-536,-613,-566,-624,-622,-581,-480,-472,-482,-486,-462,-480,-441,-523,-521,-510,-523,-666,-657,-686,-667,-688,-641,-750,-683,-754,-724,-735,-708,-703,-700,-701,-647,-722,-694,-737,-703,-768,-741,-761,-733,-744,-724,-735,-706,-755,-708,-858,-799,-852,-830,-847,-794,-794,-663,-678,-482,-484,-461,-770,-770,-763,-653,-696,-643,-879,-844,-881,-840,-860,-821,-833,-811,-979,-820,-1054,-622,-1030,-791,-1316,-1215,-1235,-1189,-1132,-1070,-1272,-1048,-1057,-856,-1023,-983,-1071,-941,-1001,-967,-1938,-1035,-1460,-1340,-1380,-868,-1442,-1097,-24783,-24784,-24789,-24788,-24789,-24788,-24795,-24794,-24797,-24796,-24799,-24800,-24801,-24802,-29991,-29993,-29993,-29993,-29993,-29992,-29992,-29992,-29992,-29992,-29992,-29992,-29992,-29993,-29993,-29994,-29994,-29995,-29995,-29996,-29996,-29997,-29997,-29998,-29998,-29999,-29999]} 1. d4 Nf6 2. c4 e6 3. Nc3 Bb4 4. Qc2 O-O 5. a3 Bxc3+ 6. Qxc3 b6 7. Bg5 Bb7 8. f3 h6 9. Bh4 {Buchende} d6 10. e3 Nbd7 11. Bd3 e5 12. Bf5 exd4 13. Qxd4 Ne5 {Buchende} 14. O-O-O {Die Stellung ist ausgeglichen.} c5 15. Qc3 {[#]} Nd5 $1 16. cxd5 $14 {Eine scharfe Eröffnung} Qxh4 17. f4 $1 Ng4 (17... g6 $11 {und Schwarz ist OK.}) 18. g3 $2 ({Weiss braucht} 18. Nf3 $18 Qh5 19. e4) 18... Qh5 $36 {[%mdl 2048] Weiss steht unter starkem Druck.} 19. Bxg4 (19. e4 $17) 19... Qxg4 $19 20. Qd3 Rae8 21. e4 f5 22. h3 $2 (22. e5 dxe5 23. Ne2) 22... fxe4 23. hxg4 exd3 24. Rxd3 Re1+ 25. Rd1 Rxd1+ ({Weniger gut wäre} 25... Bxd5 26. Rxe1 Bxh1 27. g5 $19) 26. Kxd1 Bxd5 {[%mdl 4096] Endspiel KTL-KTS. Schwarz hat einen Mehrbauern.} 27. Rh4 Re8 28. Kd2 {Lässt Te3 nicht zu} Bc4 29. Rh5 Re4 30. g5 Rd4+ 31. Kc3 Bf7 32. Rh2 hxg5 33. Ne2 Rd5 34. Rf2 gxf4 35. gxf4 Bg6 36. Rf3 Rd1 37. f5 Bh5 38. Rf2 Bg4 39. Ng3 Rg1 40. Ne4 d5 41. Nd6 Kf8 42. Nc8 Rg3+ 43. Kd2 Rb3 44. Kc1 a5 45. Kc2 c4 46. Nd6 Bf3 47. Kc1 Ke7 48. Nc8+ Kf6 49. Nxb6 Rd3 50. Rf1 Kg5 51. Rg1+ Bg4 (51... Kxf5 $2 52. Rxg7 Ke5 53. Rh7 $19) 52. Nd7 (52. Nc8 $142 Kxf5 53. Ne7+ Kg5 54. a4) 52... Kxf5 53. Nc5 Rd4 54. Nb7 a4 55. Nd6+ Ke5 56. Nb5 Rf4 57. Nc3 d4 58. Nxa4 Kd5 59. b4 cxb3 60. Rg3 Rf1+ 61. Kb2 Bd1 62. Nb6+ Kc5 63. Nd7+ Kd6 64. Nb6 Rf2+ 65. Kb1 Bc2+ 66. Kc1 Rf1+ 67. Kd2 g6 68. Nc4+ Kd5 69. Nb6+ Ke4 {( -> ...b2)} 70. Na4 Rd1+ 71. Ke2 d3+ 72. Kf2 Ra1 {Und ...d2 würde nun gewinnen.} 73. Rxg6 d2 74. Nb2 d1=Q {( -> ...Df3#). Schwarz setzt Matt.} 75. Nxd1 Bxd1 {KTL-KT} 76. Rb6 Kd3 77. a4 Ra2+ 78. Ke1 b2 79. a5 Bc2 {[%cal Od3e3] ( -> ...Ke3!)} (79... Rxa5 80. Rxb2 Bh5 81. Rb3+ Kd4 82. Kf2 $19) 80. Kf2 b1=Q {( -> ...Lb3+)} 81. Rxb1 Bxb1+ 82. Kf3 Kd4 83. Kg4 Rg2+ 84. Kf4 Be4 85. a6 Rg8 86. a7 Rg6 87. a8=Q Bxa8 88. Kf5 Be4+ 89. Kf4 Rf6+ 90. Kg5 Ke5 91. Kg4 Rg6+ 92. Kh4 Kf4 93. Kh5 Bf5 94. Kh4 Rh6# {Gewichteter Fehlerwert: Weiß=0.58/Schwarz=0.29 (präzise)   Verlustzug:     	---       	Schwarz=1     Gewinn verpasst:   	Weiß=1     	---        Fehler:       	Weiß=3     	Schwarz=1     Ungenau:       	Weiß=1     	Schwarz=1     OK:         	Weiß=5     	Schwarz=15    Bester:       	Weiß=1     	---        Stark:        	Weiß=1     	---} 0-1

[Event "30 min / Partie"]
[Site "?"]
[Date "2025.12.06"]
[Round "3"]
[White "King Element 300 mhz, Millenium"]
[Black "Phoenix London 1400 Mhz, Mephisto"]
[Result "1-0"]
[Annotator "mpill"]
[WhiteElo "2599"]
[BlackElo "2500"]
[WhiteFideId "-1"]
[BlackFideId "-1"]
[PlyCount "125"]

{[%evp 14,124,77,81,142,139,141,125,123,126,139,127,165,161,173,175,218,218,204,139,202,194,190,190,183,156,299,307,291,301,358,356,406,373,443,445,421,365,412,391,428,352,362,347,338,331,417,416,407,412,483,476,549,553,545,545,545,550,553,493,576,575,587,573,643,640,661,662,656,653,650,636,669,648,698,698,725,718,753,750,780,772,823,804,841,831,834,822,811,814,799,725,903,903,29977,29978,29978,29979,29992,29993,29993,29994,29994,29995,29995,29996,29996,29997,29997,29998,29998,29999,29999]} 1. Nf3 Nf6 2. d4 e6 3. c4 b6 4. e3 {[%cal Be2e3,Be3e4][%mdl 32]} Bb7 5. Bd3 Be7 {Buchende} 6. O-O O-O 7. Nc3 c5 8. d5 {Buchende} Na6 ({Vorzuziehen ist} 8... exd5 9. cxd5 a6) 9. e4 $16 {[#] e5 ist eine echte Drohung. Weiß steht aktiver.} d6 10. a3 Nc7 {Weiß steht besser.} 11. Bd2 Rb8 12. Re1 e5 (12... Nd7 $16 13. Qc2 a6) 13. b4 $18 a6 14. Qc2 Ng4 (14... Nce8 $142 15. bxc5 bxc5) 15. h3 Nf6 16. Nh4 {[%cal Bf3h4,Bh4f5,Bf5d6][%mdl 32]} Nh5 (16... cxb4 $16 {kämpft weiter.} 17. axb4 Nfxd5 18. exd5 Bxh4) 17. Nf5 Bg5 18. Bxg5 Qxg5 19. Bf1 Nf4 (19... Bc8 $16) 20. g3 (20. Nxd6 Nxh3+ 21. Kh1 Nf4 $18) 20... Bc8 21. h4 ({Weniger gut wäre} 21. Nxd6 Nxh3+ 22. Kg2 Nf4+ 23. Kg1 Rd8 24. Nxc8 Rbxc8 $16) 21... Qg4 22. Nxd6 Bd7 23. Nf5 f6 24. bxc5 bxc5 25. Rad1 Kh8 26. Ne3 Qg6 27. Kh2 {[%cal Bg1h2,Bh2h3,Bh3g2][%mdl 32]} Nh5 28. Bh3 Bxh3 29. Kxh3 Rfd8 30. Na4 Qf7 31. Kg2 ({Auf keinen Fall} 31. Nxc5 Qe8 32. Kg2 Qg6 $18) 31... Qe8 32. Rb1 Rdc8 33. Rxb8 Rxb8 34. Nxc5 Qe7 35. Rb1 Rc8 36. Na4 Ne8 37. c5 Qf7 38. d6 Rd8 39. Qc4 Qf8 40. Rb7 Nxd6 41. cxd6 Qxd6 42. Qc7 Qxc7 43. Rxc7 h6 44. Nc5 Rd4 45. a4 a5 46. Ra7 {[%cal Bc7a7,Ba7a5,Ba5a8][%mdl 32]} Rd2 47. Rxa5 g5 48. Ne6 gxh4 49. Ra8+ Kh7 50. gxh4 Rd6 51. Nf8+ Kg8 52. Ng6+ Kh7 53. Nf5 {jetzt Sf8+ und aus.} Rd1 54. Nf8+ {Weiß setzt Matt.} Kg8 55. Ne6+ Kf7 56. Ra7+ Kg8 57. Nxh6+ Kh8 58. Nf8 {[%cal Rf8g6]} Ng7 {[#]} 59. h5 $1 Rd8 (59... Rg1+ 60. Kxg1) 60. Ng6+ Kh7 61. Nf5 {[%csl Gf5][%cal Ra7g7]} Rg8 62. Kf3 Rb8 63. Rxg7# {Weiß übernahm nach der Eröffnung die Kontrolle.   Gewichteter Fehlerwert: Weiß=0.13 (sehr präzise) /Schwarz=0.40  Fehler:       	---       	Schwarz=4     Ungenau:       	Weiß=1     	---        OK:         	Weiß=15    	Schwarz=7} 1-0

[Event "30 min / Partie"]
[Site "?"]
[Date "2025.12.07"]
[Round "4"]
[White "Phoenix London 1400 Mhz, Mephisto"]
[Black "King Element 300 mhz, Millenium"]
[Result "1/2-1/2"]
[Annotator "mpill"]
[WhiteElo "2500"]
[BlackElo "2599"]
[WhiteFideId "-1"]
[BlackFideId "-1"]
[PlyCount "140"]
[GameId "2252390969786416"]

{[%evp 9,140,19,15,15,27,28,33,0,0,0,3,10,29,3,33,6,8,-35,13,9,16,18,55,43,48,41,50,51,77,49,51,45,47,45,55,24,28,0,0,0,4,12,20,16,38,0,128,133,122,138,141,91,83,0,1,10,7,0,0,0,24,0,0,0,0,0,0,-5,-8,-10,0,0,0,0,0,0,0,-17,-23,-18,0,0,0,-11,0,0,0,-4,0,-4,-1,0,0,-93,-85,-80,-3,-12,0,0,0,0,259,0,0,0,0,0,0,0,0,0,0,0,0,0,0,0,3,0,0,0,0,0,0,0,0,0,0,0,0,0,0]} 1. c4 Nf6 2. Nc3 c6 3. e4 e5 4. Nf3 {Buchende} d6 {Buchende} 5. Be2 c5 6. O-O Nc6 7. d3 g6 8. Be3 {Weiß steht etwas besser.} Bg7 9. Nd5 h6 10. Qc1 Be6 11. b3 Kf8 {Die Stellung ist symmetrisch und ausgeglichen} 12. Ne1 Kg8 13. f4 (13. Nc2 $11) 13... exf4 (13... Nd4 $15 14. Bxd4 cxd4) 14. Nxf4 $11 Bd7 15. Rb1 g5 (15... Kh7 $11) 16. Nh5 Nxh5 17. Bxh5 {[%csl Of7] Weiß greift eine Schwäche an} Be6 18. Qd1 Qa5 19. a4 Rf8 20. Nc2 Kh7 21. Bd2 Qc7 22. Ne3 {Es drohte f5} Qd7 23. Nf5 Bxf5 24. Rxf5 Nd4 {[#]} 25. Bg4 {[%cal Of5g5]} Qc7 26. Rf1 Be5 27. Kh1 (27. b4 $14 {ist eher angebracht.}) 27... d5 28. cxd5 $16 {[%csl Od5] Weiß hat einen starken Freibauern} (28. exd5 f5) 28... Bxh2 29. b4 b6 30. Bf5+ (30. a5 $142) 30... Kg7 {[%csl Of5] Starkes Feld Weiß (f5)} 31. bxc5 {Weiß hat starke Türme und steht besser} (31. Qh5 $16 Bd6 32. Bc3) 31... bxc5 $11 32. Qh5 {Schach mit Chili.} Be5 33. Bg4 Rb8 34. Rbc1 {[%cal Oc1c5] Txc5! wäre nun fies.} Rb7 35. Bc3 Qd6 36. Rb1 Rhb8 37. Rxb7 Rxb7 38. Bc8 {Ein starkes Läuferpaar.} Rc7 39. Bh3 Re7 40. Qd1 Rb7 41. Bg4 Kg8 42. Qd2 Rb3 {[%cal Ob3c3]} 43. Bxd4 Bxd4 44. Qd1 $1 {Weiss hat schwache schwarze Felder} Rb7 (44... Rb2 {ist vielschichtiger.} 45. Qf3 Qf4 46. d6 Kf8) 45. Qf3 {Verhindert Dg3} a5 46. Bh5 {[%cal Rh5f7]} Qf8 47. Qg3 (47. Qf5 $5 Qe8 $8 48. g3 $11 (48. d6 Be5 $11)) 47... Qe8 48. Bd1 Qd8 49. Qh2 Kg7 50. Qh3 Qe8 51. Qf5 {[#]} (51. Bh5 $11 {bleibt in der Remisbreite.}) 51... Rb6 $1 $17 52. Qg4 Qd8 (52... Qe7 $17) 53. Qh3 $1 $11 Rb7 (53... Qe7 54. g3 c4 55. dxc4 Qxe4+ 56. Qg2 Qxg2+ 57. Kxg2 Rb2+) 54. Bh5 Qe8 55. Qf3 Re7 $2 {[%mdl 8192] [#]} (55... Qd7 $11) 56. Qf5 $2 (56. e5 $1 $18 {[%cal Re5e6]} Bxe5 57. d6) 56... Ra7 {Die Stellung ist ausgeglichen.} 57. Kh2 Rb7 58. g3 Be5 59. Kg2 Rb2+ 60. Rf2 (60. Kh3 $5 Rb7 $8 61. Rf3 $14) 60... Rb7 61. Kh3 Bd4 62. Rf1 {[%cal Bf2f1,Bf1c1,Bc1c4][%mdl 32]} Be5 63. Rc1 Bd4 64. Rc4 Rb6 65. e5 $1 {[%mdl 64] Wehrt Tf6 ab. Ablenkung} Qxe5 (65... Bxe5 $2 {verliert.} 66. Re4 (66. Rxc5 Rf6 $15) 66... Rf6 67. Qxe5 $18) 66. Qxf7+ (66. Qxe5+ {vereinfacht} Bxe5 67. Rxc5 Rb1 68. d6) 66... Kh8 67. Qf8+ Kh7 {Ungleichfarbige Läufer und ausgeglichene Stellung} 68. Qf7+ Kh8 69. Qf8+ Kh7 {Droht ...g4+ und aus.} 70. Qf7+ Kh8 {Gewichteter Fehlerwert: Weiß=0.15 (sehr präzise) /Schwarz=0.16 (sehr präzise)   Verlustzug:     	---       	Schwarz=1     Gewinn verpasst:   	Weiß=1     	---        Fehler:       	Weiß=5     	Schwarz=4     Ungenau:       	Weiß=5     	Schwarz=2     OK:         	Weiß=19    	Schwarz=24    Bester:       	---       	Schwarz=1     Stark:        	Weiß=3     	Schwarz=1} 1/2-1/2

[Event "30 min / Partie"]
[Site "?"]
[Date "2025.12.08"]
[Round "5"]
[White "King Element 300 mhz, Millenium"]
[Black "Phoenix London 1400 Mhz, Mephisto"]
[Result "1/2-1/2"]
[Annotator "mpill"]
[WhiteElo "2599"]
[BlackElo "2500"]
[WhiteFideId "-1"]
[BlackFideId "-1"]
[PlyCount "63"]
[GameId "2252849540825178"]

{[%evp 20,63,5,-9,-1,-13,-14,-58,-54,-55,-55,-59,-43,-59,-18,-55,-48,-47,-55,-109,20,22,197,169,184,36,27,0,0,0,0,0,0,0,0,-10,0,0,0,-3,-1,-2,0,0,0,-2]} 1. Nf3 e6 2. g3 Nf6 3. Bg2 b6 4. O-O Bb7 5. d4 Be7 {Buchende} 6. b3 O-O 7. Bb2 d5 8. Nbd2 {Buchende} c5 9. e3 Nbd7 10. c4 Rc8 11. Qe2 dxc4 12. bxc4 Qc7 13. e4 (13. Rfd1 $11) 13... cxd4 $15 {Schwarz steht etwas besser.} 14. Nxd4 a6 {Pariert Sb5.} 15. Rfd1 {[%cal Oe4e5]} Ne5 {[%cal Of8d8]} 16. Rac1 Bb4 (16... Rfd8 $15) 17. f4 (17. c5 $11) 17... Bxd2 {[%mdl 64] Verteidiger eliminieren} 18. Rxd2 Nxc4 {Und jetzt ...b5 wäre schön.} 19. e5 {[#]} (19. Nb3 $15) 19... Nd5 {Ein dynamisches Springerpaar.} ({Vorzuziehen ist} 19... Bxg2 $1 $17 20. exf6 Ba8 21. fxg7 Rfe8) 20. Ba3 $1 $11 Nxa3 (20... b5 $1 $11 {und Schwarz ist OK.} 21. Bxf8 Rxf8) 21. Rxc7 $18 Rxc7 {[#]} 22. Bxd5 (22. f5 $1 $18) 22... Bxd5 $14 23. Qxa6 Rc1+ {Die Stellung ist ausgeglichen.} 24. Kf2 Ra8 $1 25. Qxb6 {[%cal Od4f5]} Nc4 26. Qc7 {Zielt auf Tc2 ab.} h6 27. Re2 Rh1 28. h4 Rh2+ 29. Ke1 Rh1+ 30. Kf2 Rh2+ 31. Ke1 Rh1+ 32. Kf2 {Gewichteter Fehlerwert: Weiß=0.20 (präzise) /Schwarz=0.15 (sehr präzise)   Verlustzug:     	---       	Schwarz=1     Fehler:       	Weiß=4     	Schwarz=2     Ungenau:       	Weiß=1     	---        OK:         	Weiß=1     	Schwarz=6     Bester:       	Weiß=2     	Schwarz=2     Stark:        	Weiß=1     	Schwarz=1    3 fache Stellungswiederholung} 1/2-1/2

[Event "30 min / Partie"]
[Site "?"]
[Date "2025.12.08"]
[Round "6"]
[White "Phoenix London 1400 Mhz, Mephisto"]
[Black "King Element 300 mhz, Millenium"]
[Result "0-1"]
[Annotator "mpill"]
[WhiteElo "2500"]
[BlackElo "2599"]
[WhiteFideId "-1"]
[BlackFideId "-1"]
[PlyCount "158"]
[GameId "2252866884227197"]

{[%evp 16,157,63,68,95,83,117,117,123,110,152,128,129,84,73,88,82,0,0,-3,0,-26,-11,-15,0,-16,2,0,0,0,21,3,11,0,56,-25,-29,-119,-122,-133,-131,-125,-101,-140,-120,-142,-117,-118,-67,-157,-126,-299,-302,-297,-288,-288,-271,-338,-259,-245,-240,-391,-383,-454,-447,-476,-478,-452,-499,-634,-626,-609,-515,-618,-611,-590,-563,-559,-527,-591,-582,-646,-635,-629,-613,-659,-657,-626,-638,-694,-692,-689,-675,-745,-721,-3136,-7135,-19980,-6175,-19986,-19987,-19990,-19991,-29975,-19987,-19988,-19987,-29980,-29980,-19994,-29982,-29982,-29983,-29984,-29985,-29985,-29986,-29986,-29987,-29987,-29988,-29988,-29989,-29989,-29990,-29990,-29990,-29992,-29993,-29993,-29994,-29994,-29994,-29994,-29995,-29995,-29996,-29996,-29997,-29997,-29998,-29998,-29999,-29999]} 1. d4 Nf6 2. c4 g6 3. Nc3 Bg7 4. e4 O-O 5. Nf3 c5 6. Be2 cxd4 7. Nxd4 d6 8. O-O {Buchende} a6 9. Be3 b6 {Buchende} 10. Bf3 {[%cal Oe4e5] e5! soll folgen. Weiß steht aktiver.} e5 {[#]} 11. Nc2 Be6 {Weiß steht besser.} 12. b3 Qc7 (12... Nc6) 13. Nb4 Nc6 14. Nbd5 (14. Nxc6 $142 Qxc6 15. Rc1) 14... Bxd5 $16 15. Nxd5 Nxd5 16. Qxd5 (16. cxd5 $16 Nd4 17. Bxd4 exd4 18. Rc1) 16... Nd4 $11 17. Bxd4 exd4 18. Rad1 h6 19. Be2 Rae8 20. h3 Qe7 {Schwarz ist schwach auf den weissen Feldern} 21. Bd3 Rc8 22. b4 {Gegen Tc5 gerichtet.} Rfe8 23. a3 Rc7 24. f4 Rcc8 (24... Qe6 $11) 25. f5 (25. a4 $14) 25... g5 26. Rd2 {[#]} (26. f6 $11 {bleibt in der Remisbreite.} Bxf6 27. Rf5) 26... Bf6 $1 $17 27. Bc2 Qc7 28. Bb3 Re7 29. Re1 (29. Rxd4 $142 Bxd4+ 30. Qxd4) 29... Be5 30. Rd3 Qd7 31. Rf1 Bf6 (31... Qb7 $17 {Zielt auf ...Dxd5 ab.} 32. Qxb7 Rxb7) 32. h4 ({Besser ist} 32. Rxd4 $1 $15 Bxd4+ 33. Qxd4) 32... gxh4 {[%csl Oe4,Og2] Weiß hat schwache Bauern} 33. Kh1 $2 {Danach ist Weiß chancenlos.} (33. Rxd4 $17 Bxd4+ 34. Qxd4) 33... Qc6 $19 34. Qxc6 Rxc6 35. Re1 Rc8 36. Rd2 b5 37. cxb5 axb5 38. Bd5 $2 (38. Rb1) 38... Ra7 39. Ra1 {[#]} d3 $1 {[%mdl 512]} 40. Rad1 (40. Raa2 Rc3) 40... Rxa3 41. Kg1 Rcc3 42. Ra2 Rxa2 43. Bxa2 {[%mdl 4096] Endspiel KTL-KTL. Schwarz hat zwei Bauern mehr.} Bg5 44. Bd5 d2 45. Kf2 h3 46. gxh3 Rxh3 47. Bc6 Rb3 48. Bxb5 Rxb4 49. Bd3 Rb3 50. Bc4 Rc3 51. Be2 Kg7 52. Bg4 Kf6 53. Bf3 Ke5 54. Bh5 Kxe4 55. Bxf7 Kxf5 (55... Rc1 $142 56. Ke2 Kxf5) 56. Ke2 Ke4 57. Be8 Rc1 58. Bh5 Kd4 59. Bg6 Kc3 {( -> ...d5)} 60. Bf7 Bf4 61. Bd5 h5 62. Bf7 h4 63. Be6 {Schwarz setzt Matt.} Bg5 64. Bd5 h3 65. Bf3 h2 66. Bd5 Kd4 67. Bg2 d5 68. Bh1 Kc4 69. Bf3 d4 70. Rxd2 {[#]} d3+ $1 {[%mdl 64] Ablenkung} 71. Rxd3 (71. Kf2 Bxd2) 71... Rc2+ 72. Kd1 Kxd3 {[%csl Gg5][%cal Rc2c1]} 73. Be4+ Kc3 74. Bh1 Rd2+ 75. Ke1 Bh4+ 76. Kf1 Rf2+ 77. Ke1 Kd3 78. Bd5 Rf3+ 79. Kd1 h1=Q# {Gewichteter Fehlerwert: Weiß=0.42/Schwarz=0.16 (sehr präzise)   Verlustzug:     	Weiß=1     	---        Fehler:       	Weiß=7     	Schwarz=3     Ungenau:       	Weiß=1     	Schwarz=1     OK:         	Weiß=9     	Schwarz=12    Bester:       	---       	Schwarz=1     Stark:        	---       	Schwarz=1} 0-1

[Event "30 min / Partie"]
[Site "?"]
[Date "2025.12.09"]
[Round "7"]
[White "King Element 300 mhz, Millenium"]
[Black "Phoenix London 1400 Mhz, Mephisto"]
[Result "1-0"]
[Annotator "mpill"]
[WhiteElo "2599"]
[BlackElo "2500"]
[WhiteFideId "-1"]
[BlackFideId "-1"]
[PlyCount "145"]

{[%evp 13,144,-8,40,48,47,61,76,40,64,19,19,23,24,22,60,59,36,52,55,-23,-20,-23,-29,-25,-25,-23,-27,-34,19,17,17,23,20,31,52,35,277,281,304,304,322,327,329,315,296,295,290,279,284,286,397,380,376,372,435,446,516,513,514,512,551,530,555,544,550,541,562,517,568,557,539,582,597,559,613,611,844,813,760,544,778,774,752,692,789,789,890,823,847,777,1101,1025,1172,1122,1910,1147,19989,19989,29984,29985,29985,29986,29986,29987,29988,29989,29989,29990,29990,29989,29989,29990,29990,29991,29991,29992,29992,29992,29992,29993,29993,29994,29994,29995,29995,29996,29996,29997,29997,29998,29998,29999,29999]} 1. e4 c6 2. d4 d5 3. exd5 cxd5 4. c4 Nf6 5. Nc3 e6 6. c5 Be7 7. Nf3 {Buchende} Ne4 {Buchende} (7... b6 $11) 8. Qc2 $14 Nxc3 9. Qxc3 O-O 10. Bf4 ({Vorzuziehen ist} 10. b4 $16) 10... Nc6 11. Be2 {Weiß steht aktiver.} (11. Bb5 $14 {ist eher angebracht.}) 11... a5 $11 12. O-O b6 13. Bb5 Bb7 (13... Bd7 $11) 14. Rac1 $14 bxc5 15. dxc5 Nb4 16. c6 {[#] Weiß spielt am Damenflügel und steht besser} (16. a3 $1 $14 Bc6 (16... Na2 17. Qd3 $15) 17. axb4 Bxb5 18. Rfe1) 16... Bxc6 $1 $11 17. Bxc6 Rc8 18. Ne5 Nxa2 19. Qd4 Nxc1 20. Rxc1 Bd6 {Schwarz ist schwach auf den weissen Feldern} (20... h6 $15) 21. Bd2 {[%mdl 1024] Weiss hat Kompensation.} Qf6 22. f4 g5 23. Bxa5 gxf4 24. Bc3 {[%cal Ba5c3,Bc3d4,Bd4f6][%mdl 32]} Rfd8 $2 {[#] Führt Schwarz ins Verderben.} (24... Rc7 $14) 25. b4 $1 $18 Qg7 {Droht ...f6 und aus.} 26. Nd3 {[%csl Gc3][%cal Rd4g7]} (26. Qxf4 $2 {ist das falsche Schlagen.} f6 (26... Rxc6 27. Qh4 $17) 27. b5 fxe5 $19 (27... Bxe5 $2 28. Bxe5 fxe5 29. Qe3 $19)) 26... Qxd4+ 27. Bxd4 {Ein starkes Läuferpaar.} f6 28. Bxf6 Rf8 29. Bd4 f3 30. b5 fxg2 31. Kxg2 Rb8 32. Kh1 Rf5 33. Rg1+ Kf8 34. Nc5 Bxc5 35. Bxc5+ Kf7 36. b6 d4 37. Bxd4 Ke7 38. Be4 Ra5 39. Bxh7 e5 40. Be3 Ke6 41. Be4 Ra4 42. Rg6+ Kf7 43. Rg4 Ra3 44. Bf2 Ke6 45. Rg6+ Kf7 46. Rg5 Kf6 47. h4 Ra4 48. Rg4 Ra2 49. Kg1 Ra1+ 50. Kg2 Ra2 51. b7 Ke6 52. Rg6+ Kd7 53. Kg3 {Lc5 soll folgen} Ra3+ 54. Kg4 Ra4 55. Kf5 {[%cal Of2c5] Droht Matt per Lc5!.} Rf8+ 56. Rf6 {Weiß setzt Matt.} Rxf6+ 57. Kxf6 Kc7 58. Kxe5 Ra5+ 59. Kf6 Ra6+ 60. Ke7 Ra3 61. Bd4 Ra7 62. h5 Rxb7 63. Bxb7 Kxb7 64. h6 Kc6 65. Bc3 Kd5 66. h7 Ke4 67. h8=Q Kd3 68. Qe5 Kc4 69. Qd4+ Kb3 70. Qd3 Ka4 71. Qc4+ Ka3 72. Qb4+ Ka2 73. Qb2# {Gewichteter Fehlerwert: Weiß=0.08 (makellos) /Schwarz=0.35  Verlustzug:     	---       	Schwarz=1     Fehler:       	Weiß=3     	Schwarz=2     Ungenau:       	---       	Schwarz=2     OK:         	Weiß=18    	Schwarz=13    Bester:       	Weiß=1     	Schwarz=1     Stark:        	Weiß=1     	---        Brilliant:      	---       	Schwarz=1} 1-0